Policing the deadliest mass shooting in modern US history: the Las Vegas Route 91 Harvest Festival incident
On 1 October 2017, the Las Vegas Metropolitan Police Department (LVMPD) confronted the deadliest mass shooting in modern United States history. Between 10:05 p.m. and 10:15 p.m., gunfire from a 32nd-floor hotel suite killed 60 and injured more than 800 people in a crowd of more than 22,000 concert a...
| Authors: | ; |
|---|---|
| Format: | Print Article |
| Language: | English |
| Published: |
2025
|
| In: |
Routledge international handbook of policing crises and emergencies
Year: 2025, Pages: 456-470 |
| Check availability: | HBZ Gateway |
MARC
| LEADER | 00000naa a2200000 c 4500 | ||
|---|---|---|---|
| 001 | 1940734894 | ||
| 003 | DE-627 | ||
| 005 | 20251110120641.0 | ||
| 007 | tu | ||
| 008 | 251110s2025 xx ||||| 00| ||eng c | ||
| 020 | |a 9781032207872 | ||
| 035 | |a (DE-627)1940734894 | ||
| 035 | |a (DE-599)KXP1940734894 | ||
| 040 | |a DE-627 |b ger |c DE-627 |e rda | ||
| 041 | |a eng | ||
| 084 | |a 2,1 |2 ssgn | ||
| 100 | 1 | |a Madensen, Tamara |e VerfasserIn |0 (DE-588)1211037703 |0 (DE-627)1698895100 |4 aut | |
| 109 | |a Madensen, Tamara |a Madensen-Herold, Tamara D. |a Herold, Tamara D. Madensen- |a Madensen, Tamara D. |a Herold, Tamara D. | ||
| 245 | 1 | 0 | |a Policing the deadliest mass shooting in modern US history |b the Las Vegas Route 91 Harvest Festival incident |c Tamara D. Herold and Joseph M. Lombardo |
| 264 | 1 | |c 2025 | |
| 336 | |a Text |b txt |2 rdacontent | ||
| 337 | |a ohne Hilfsmittel zu benutzen |b n |2 rdamedia | ||
| 338 | |a Band |b nc |2 rdacarrier | ||
| 500 | |a Literaturverzeichnis: Seite 469-470 | ||
| 520 | |a On 1 October 2017, the Las Vegas Metropolitan Police Department (LVMPD) confronted the deadliest mass shooting in modern United States history. Between 10:05 p.m. and 10:15 p.m., gunfire from a 32nd-floor hotel suite killed 60 and injured more than 800 people in a crowd of more than 22,000 concert attendees on the Las Vegas Strip. As LVMPD and hotel security officers responded to the scene, the shooter took his own life, leaving few, if any, clues to explain his motives. Years-long after-action reviews offer detailed assessments of the incident and outline successes and shortcomings in event preparation and incident response. These assessments provide recommendations to improve event safety and, should such an event happen again, future mass shooting incident response. We summarise the lessons learned and offer a framework for approaching mass shooting prevention and response. Sheriff Lombardo, who led the LVMPD during and after the mass shooting, reflects on his experiences and the impact of this extraordinary crisis. We offer insights to better prepare communities and first responders who face the ‘new normal’ of responding to our world’s next mass shooting. | ||
| 700 | 1 | |a Lombardo, Joseph M. |e VerfasserIn |4 aut | |
| 773 | 0 | 8 | |i Enthalten in |t Routledge international handbook of policing crises and emergencies |d London : Routledge, 2025 |g (2025), Seite 456-470 |h xxxii, 534 Seiten |w (DE-627)1882540905 |z 9781032207858 |z 9781032207872 |7 nnam |
| 773 | 1 | 8 | |g year:2025 |g pages:456-470 |
| 776 | 1 | |o 10.4324/9781003265214-36 | |
| 951 | |a AR | ||
| ELC | |b 1 | ||
| LOK | |0 000 xxxxxcx a22 zn 4500 | ||
| LOK | |0 001 4801843069 | ||
| LOK | |0 003 DE-627 | ||
| LOK | |0 004 1940734894 | ||
| LOK | |0 005 20251110120641 | ||
| LOK | |0 008 251110||||||||||||||||ger||||||| | ||
| LOK | |0 040 |a DE-2619 |c DE-627 |d DE-2619 | ||
| LOK | |0 092 |o n | ||
| LOK | |0 852 |a DE-2619 | ||
| LOK | |0 852 1 |9 00 | ||
| LOK | |0 939 |a 10-11-25 |b l01 | ||
| ORI | |a SA-MARC-krimdoka001.raw | ||
